Most expensive football transfers - Goalkeepers - 2011-2012 Season - Statistics

General Stats
  • This quiz has been taken 23 times
  • The average score is 5 of 10
Answer Stats
Fee (M €) Nationality Left Joined Player % Correct
30,00 Germany FC Schalke 04 Bayern Munich Manuel Neuer
100%
25,00 Spain Atlético Madrid Manchester United David de Gea
95%
8,95 Belgium KRC Genk Chelsea Thibaut Courtois
76%
6,75 Uruguay Lazio Galatasaray Fernando Muslera
62%
7,33 Netherlands Ajax AS Roma Maarten Stekelenburg
57%
7,80 Germany VfB Stuttgart Bayer Leverkusen Bernd Leno
43%
9,00 France Fiorentina Genoa Sébastien Frey
29%
8,60 Spain Benfica Real Zaragoza Roberto
24%
8,50 Italy Inter US Palermo Emiliano Viviano
10%
7,00 Russia Dinamo Moscow Anzhi Vladimir Gabulov
5%
No matching quizzes found
Score Distribution
Percent of People with Each Score
Percentile by Number Answered
Your Score History
You have not taken this quiz